000 00763cam a2200217 a 4500
001 000018435
003 DO-SdBNP
005 20250702100325.0
008 730215s1961 nyua 000 0 eng d
040 _aDO-SdBNP
_bspa
_cBNPHU
100 1 _aConrad, Joseph,
_d1857-1924.
_939877
245 1 0 _aLord Jim /
_cJoseph Conrad ; introducción Edward Ellsberg.
260 _aNew York :
_bDodd, Mead & Company,
_c1961.
300 _axvii, 417 p. :
_bil. ;
_c22 cm.
490 1 _aGreat Illustrated Classics
500 _a"Con fotografías del autor, su entorno y las ilustraciones de la creación del libro."
700 1 _aEllsberg, Edward,
_eintrod.
_939911
830 0 _aGreat Illustrated Classics
_939912
910 _aCatalogación derivada / LC
942 _2ddc
_cLBS1
999 _c17955
_d17955